• 首页
  • 本馆介绍
  • 公告通知
  • 最新文献
  • 馆藏检索
  • 电子资源
  • 读者导购
  • 参考咨询
  • 我的图书馆
  • 登录
  • 详细信息显示
  • 放入我的书架
  • 预约/预借图书
  • 作者相关作品
  • 分类相关作品
  • 丛书相关作品
  • 出版社相关作品

书目信息

  • 表格格式
  • 工作单格式
  • 卡片格式
题名:
昆虫文化与鉴赏
    
 
作者: 顾茂彬 , 陈仁利 主编
分册:  
出版信息: 广州   广东科技出版社  2011.08
页数: 110页
开本: 24cm
丛书名:
单 册:
中图分类: Q96-49
科图分类:
主题词: 昆虫学--普及读物 , 昆虫学
电子资源:
ISBN: 978-7-5359-5505-0
000 00984nam0 2200277 450
001 004955269
005 20140707105341.20
010    @a978-7-5359-5505-0@dCNY32.00
049    @aA210000LPL@bUCS01004955269@c012004560517
100    @a20111101d2011 em y0chiy0110 ea
101 0  @achi
102    @aCN@b440000
105    @aa z 000yy
106    @ar
200 1  @a昆虫文化与鉴赏@9kun chong wen hua yu jian shang@dCulture and apprectiation of insects@f顾茂彬,陈仁利主编@zeng
210    @a广州@c广东科技出版社@d2011.08
215    @a110页@c彩图@d24cm
330    @a本书分为昆虫密码、昆虫百态、昆虫文化、昆虫鉴赏四部分。具体内容包括:什么是昆虫、外部构造、闪亮狙击手——荧火虫、昆虫与民俗等。
510 1  @aCulture and apprectiation of insects@zeng
606 0  @a昆虫学@j普及读物
606 0  @a昆虫学
690    @aQ96-49@v4
701  0 @a顾茂彬@9gu mao bin@f(1938~)@4主编
701  0 @a陈仁利@9chen ren li@4主编
801  0 @aCN@bNLC@c20120201
905    @b847394-96@dQ96-49@e30@f3
    
    昆虫文化与鉴赏=Culture and apprectiation of insects/顾茂彬,陈仁利主编.-广州:广东科技出版社,2011.08
    110页:彩图;24cm
    
    
    ISBN 978-7-5359-5505-0:CNY32.00
    本书分为昆虫密码、昆虫百态、昆虫文化、昆虫鉴赏四部分。具体内容包括:什么是昆虫、外部构造、闪亮狙击手——荧火虫、昆虫与民俗等。
●
相关链接 在E读中查询图书 在五车中查询图书 在当当中查询图书 在豆瓣中查询图书


正题名:昆虫文化与鉴赏     索取号:Q96-49/30         预约/预借

序号 登录号 条形码 馆藏地/架位号 状态 备注
1 847394   208473944   第二样本阅览室/ [索取号:Q96-49/30] 在馆    
2 847395   208473953   密集书库-生命科学系/ [索取号:Q96-49/30] 在馆    
3 847396   208473962   第三借阅区/ [索取号:Q96-49/30] 在馆    
唐山师范学院图书馆 欢迎您!
大连网信软件有限公司© 版权所有